Economic valuation with stated preference techniques : a manual
Αποθηκεύτηκε σε:
| Άλλοι συγγραφείς: | |
|---|---|
| Μορφή: | Βιβλίο |
| Γλώσσα: | English |
| Δημοσίευση: |
Cheltenham :
c2002
|
| Θέματα: | |
| Ετικέτες: |
Προσθήκη ετικέτας
Δεν υπάρχουν, Καταχωρήστε ετικέτα πρώτοι!
|
MARC
| LEADER | 00000nam a2200000 i 4500 | ||
|---|---|---|---|
| 001 | 1/30619 | ||
| 008 | 030115s2002 eng d | ||
| 020 | |a 1-84064-919-4 (hbk.) | ||
| 035 | |l 10069012 | ||
| 040 | |a GR-MY-UA |b gre |e aacr | ||
| 041 | 0 | |a eng | |
| 082 | 0 | |a 333.7 |2 (22) | |
| 245 | 1 | 0 | |a Economic valuation with stated preference techniques : |b a manual / |c Ian J. Bateman ... [et al.] |
| 260 | |a Cheltenham : |c c2002 | ||
| 300 | |a xx, 458 σ.; |b διαγρ., σχ.; |c 23 εκ. | ||
| 504 | |a Βιβλιογραφία: σ. 405-433 | ||
| 504 | |a Περιέχει ευρετήριο | ||
| 650 | 0 | 0 | |a Environmental economics |x Handbooks, manuals, etc. |
| 650 | 0 | 0 | |a Environmental auditing |x Handbooks, manuals, etc. |
| 700 | 1 | |a Bateman, Ian. | |
| 852 | |a INST |b LESVOS |e 20030115 |h 333.7 ECO |p 005100024890 |q 005100024890 |t BK |y 0 | ||
| 852 | |a INST |b LESVOS |e 20070905 |h 333.7 ECO |p 005100039159 |q 005100039159 |t BK |y 0 | ||
| 901 | |a BIBL1-2003-1 | ||
| 901 | |a BIBL1-2007-3 | ||
| 909 | |a Λ |b 103038 | ||
| 909 | |a Λ |b 138280 | ||
| 922 | |a 1ΕΛΗ |b 200211 |c ΕΠΕΑΕΚ2/ΤΠ |d ΠΑΠΑΣΩΤΗΡΙΟΥ & ΕΛΕΥΘΕΡΟΥΔΑΚΗΣ | ||
| 922 | |a 1ΕΛΗ |b 200707 |c ΕΠΕΑΕΚ2/ΤΠ |d ΠΑΠΑΣΩΤΗΡΙΟΥ | ||
| 950 | |a 107-2002-10-01 | ||
| 970 | |a ΚΑΜΑΤΣΟΥ |b ΔΕΣΠΟΙΝΑ |z 2003/01/15 | ||